Pōr vītar kataikaḷ. (Record no. 62219)

MARC details
000 -LEADER
fixed length control field 00525cam a22002171 4500
001 - CONTROL NUMBER
control field sa 65001773
003 - CONTROL NUMBER IDENTIFIER
control field DLC
005 - DATE AND TIME OF LATEST TRANSACTION
control field 20260227112111.0
008 - FIXED-LENGTH DATA ELEMENTS--GENERAL INFORMATION
fixed length control field 890403s1964 xx 000 0 tamo
010 ## - LIBRARY OF CONGRESS CONTROL NUMBER
LC control number sa 65001773
035 ## - SYSTEM CONTROL NUMBER
System control number (OCoLC)23559211
040 ## - CATALOGING SOURCE
Original cataloging agency DLC
Transcribing agency MiU
Modifying agency DLC
042 ## - AUTHENTICATION CODE
Authentication code premarc
050 00 - LIBRARY OF CONGRESS CALL NUMBER
Classification number DS432.T3
Item number C35
100 0# - MAIN ENTRY--PERSONAL NAME
Personal name Centur̲aimuttu.
245 10 - TITLE STATEMENT
Title Pōr vītar kataikaḷ.
260 ## - PUBLICATION, DISTRIBUTION, ETC.
Date of publication, distribution, etc. [1964]
300 ## - PHYSICAL DESCRIPTION
Extent 84 p.
Dimensions 18 cm.
500 ## - GENERAL NOTE
General note Romanized.
650 #0 - SUBJECT ADDED ENTRY--TOPICAL TERM
Topical term or geographic name entry element Tamil (Indic people)
Form subdivision Biography.

No items available.

Powered by Koha